Collected papers in theoretical economics / (Record no. 36958)

MARC details
000 -LEADER
fixed length control field 00994nam a22002537a 4500
005 - DATE AND TIME OF LATEST TRANSACTION
control field 20100715114443.0
008 - FIXED-LENGTH DATA ELEMENTS--GENERAL INFORMATION
fixed length control field 100715t xxu||||| |||| 00| 0 eng d
010 ## - LCCN (DPL NO)
LC control number ENG-96403
020 ## - INTERNATIONAL STANDARD BOOK NUMBER
Terms of availability 775.00
International Standard Book Number 9780198063049
020 ## - INTERNATIONAL STANDARD BOOK NUMBER
Terms of availability 775.00
International Standard Book Number 0198063040
035 ## - SYSTEM CONTROL NUMBER
System control number EN-79936
037 ## - SOURCE OF ACQUISITION
Source of stock number/acquisition DBAD / PUB
040 ## - CATALOGING SOURCE
Original cataloging agency Dpl
Language of cataloging Eng
082 ## - DEWEY DECIMAL CLASSIFICATION NUMBER
Classification number 330.015193
100 ## - MAIN ENTRY--PERSONAL NAME
Personal name Basu, Kaushik
245 ## - TITLE STATEMENT
Title Collected papers in theoretical economics /
Statement of responsibility, etc by Kaushik Basu
260 ## - PUBLICATION, DISTRIBUTION, ETC. (IMPRINT)
Place of publication, distribution, etc New Delhi
Name of publisher, distributor, etc Oxford University Press
Date of publication, distribution, etc 2010
270 ## - ADDRESS
City New Delhi
Postal code 110 001
Address YMCA Library Building, Jai Singh Road
300 ## - PHYSICAL DESCRIPTION
Extent v.4 (vi, 302p.)
Dimensions 24cm (Hb )
500 ## - GENERAL NOTE
General note Includes index
505 ## - FORMATTED CONTENTS NOTE
Formatted contents note V.4- Inter-disciplinary transgressions :political economy, moral philosophy, and economic sociology
942 ## - ADDED ENTRY ELEMENTS (KOHA)
Institution code [OBSOLETE] dpl
Item type English Books
Source of classification or shelving scheme Dewey Decimal Classification
Classification part 330.015193
Call number suffix BAS
Holdings
Withdrawn status Lost status Source of classification or shelving scheme Damaged status Not for loan Collection code Home library Current library Date acquired Source of acquisition Cost, normal purchase price Total Checkouts Full call number Barcode Date last seen Copy number Cost, replacement price Koha item type
    Dewey Decimal Classification   Not For Loan Non-fiction D.B.Act.Division D.B.Act.Division 15/07/2010 DBAD/PUB 775.00   330.015193 BAS EN-79936 15/07/2010 1 775.00 English Books

© Delhi Public Library
Hit Counter
free hit counter